Statistics for The Ultimate Monke Quiz.

Click here to take the quiz!

General Stats

  • This quiz has been taken 20 times
  • The average score is 4 of 7

Answer Stats

QuestionAnswer% Correct
What is eknomics?Study of monke.
90%
Select the godly monke.Le Monke.
70%
Which are all the species that we worship?Monke, Doge, Toad, Fish, Pig, Whale, Fish, Hippo, Goat.
50%
Which of the following is not one of the five main monkes?Pogo.
50%
What is King Kong's real name?Queen pong.
40%
Which animals have an alliance with monke?Pigs.
30%
Choose one of the four susses.Sus.
30%

Score Distribution

Percentile by Number Answered

Percent of People with Each Score

Your Score History

You have not taken this quiz